000 00979nam a22002297a 4500
005 20240530110559.0
008 160901s2014 ua a f b 000 0 ara d
017 _a2013/15649 ( ج 1 )
_bمصر . دار الكتب المصرية
017 _a2013/15650 ( ج 2 )
_bمصر . دار الكتب المصرية
020 _a9789770528563 ( ج 1 )
020 _a9789770528578 ( ج 2 )
040 _aEG-CaGPL
082 0 4 _221
_a658.406\
_bم أ
100 0 _aمعتز سيد عبدالله
245 1 2 _aادارة التغيير التنظيمى :
_bالاسس النظرية و المهارات و التطبيقات العلمية /
_cمعتز سيد عبدالله
260 _aالقاهرة :
_bمكتبة الانجلو المصرية ،
_c2014 .
300 _a2 جزء :
_bايض ؛
_c24 سم .
504 _aيشتمل على ارجاعات ببليوجرافية
650 0 4 _aادارة الاعمال
650 0 4 _aالتغيير الادارى
942 _2ddc
_cBK
999 _c62619
_d62619